Hlavní úkoly podnikového personálního řízení.

Význam podnikového personálneho riadenia. Problémy riadenia ľudských zdrojov. Strategické personálne riadenie a personálna politika podniku. Hlavné úlohy a ciele podnikového personálneho riadenia. Úlohy a funkcie podnikového personálneho útvaru.

Saved in:
Bibliographic Details
Main Author: Koubek, Josef
Format: Book Chapter
Language:Czech
Subjects:
Tags: Add Tag
No Tags, Be the first to tag this record!

MARC

LEADER 00000naa a2200000 4500
001 r013560
005 20221213083058.8
041 0 |a cze 
044 |a CZ 
245 1 0 |a Hlavní úkoly podnikového personálního řízení.  |c Josef Koubek 
520 |a Význam podnikového personálneho riadenia. Problémy riadenia ľudských zdrojov. Strategické personálne riadenie a personálna politika podniku. Hlavné úlohy a ciele podnikového personálneho riadenia. Úlohy a funkcie podnikového personálneho útvaru. 
610 2 0 |a politika personálna 
610 2 0 |a podnik 
610 2 0 |a práca personálna 
610 2 0 |a personalistika 
610 2 0 |a riadenie podnikové 
610 2 0 |a riadenie strategické 
100 1 |a Koubek, Josef